Wheelchair housing design guide (Record no. 108405)

MARC details
000 -LEADER
fixed length control field 01942cam a22002775a 4500
001 - CONTROL NUMBER
control field L144185
008 - FIXED-LENGTH DATA ELEMENTS--GENERAL INFORMATION
fixed length control field 080702s2006 xxka f 001 0 eng d
020 ## - INTERNATIONAL STANDARD BOOK NUMBER
International Standard Book Number 1860818978
035 ## - SYSTEM CONTROL NUMBER
System control number (Sirsi) u144185
041 ## - LANGUAGE CODE
Language code of text/sound track or separate title eng
050 ## - LIBRARY OF CONGRESS CALL NUMBER
Classification number 725.54 $2 18
100 ## - MAIN ENTRY--PERSONAL NAME
Personal name Thorpe, Stephen
245 ## - TITLE STATEMENT
Title Wheelchair housing design guide
250 ## - EDITION STATEMENT
Edition statement 2nd ed.
260 ## - PUBLICATION, DISTRIBUTION, ETC.
Place of publication, distribution, etc. Watford
Name of publisher, distributor, etc. BRE Press
Date of publication, distribution, etc. 2006
300 ## - PHYSICAL DESCRIPTION
Extent viii, 124p.
Other physical details ill.
Dimensions 30cm.
505 2# - FORMATTED CONTENTS NOTE
Formatted contents note Introduction: Format -- Scope -- Basis -- Adaptations -- Legislation and standards
505 2# - FORMATTED CONTENTS NOTE
Formatted contents note Design for wheelchair users: Basic design considerations -- Outline of design guidance -- Note for affordable housing designers and providers -- Not for all designers and developers -- using a wheelchair -- Dimensions and conventions in this guide -- Hoists, design criteria
505 2# - FORMATTED CONTENTS NOTE
Formatted contents note Technical sections: Moving around outside -- Using outdoor spaces -- Approaching the home -- Negotiating the entrance door -- Enterign and leaving; dealing with callers -- Negotiating the secondary door -- Moving around inside; storing things -- Moving between levels within the dwelling -- Using living spaces -- Using the kitchen -- Using the bathroom -- Using bedrooms -- Operating internal doors -- Operating windows -- Controlling services
520 ## - SUMMARY, ETC.
Summary, etc. Explains how to design and detail homes that are fully manageable by wheelchair users. It is activities based and provides checklists. The second edition takes account of the experiences of individual wheelchair users and practicioners who have used the original guide and reflects new statuatory advancements and societal perceptions of wheelchair standard design in the build environment.
651 #4 - SUBJECT ADDED ENTRY--GEOGRAPHIC NAME
Geographic name UNITED KINGDOM
690 ## - LOCAL SUBJECT ADDED ENTRY--TOPICAL TERM (OCLC, RLIN)
Topical term or geographic name as entry element MANAGEMENT-BUSINESS MANAGEMENT-DISCRIMINATION-DISABILITY DISCRIMINATION-ACCESSIBILITY
710 ## - ADDED ENTRY--CORPORATE NAME
Corporate name or jurisdiction name as entry element National Wheelchair Housing Association Group
9 (RLIN) 3593
710 ## - ADDED ENTRY--CORPORATE NAME
Corporate name or jurisdiction name as entry element Home Housing Trust
9 (RLIN) 3594
942 ## - ADDED ENTRY ELEMENTS (KOHA)
Suppress in OPAC 0
Holdings
Withdrawn status Lost status Source of classification or shelving scheme Damaged status Not for loan Home library Current library Shelving location Date acquired Total Checkouts Full call number Barcode Date last seen Copy number Price effective from Koha item type
    Dewey Decimal Classification     London London Folio 02/07/2008   F725.54 30074717 06/08/2019 1 06/08/2019 Book